00329nam a2200097Ia 4500008004100000020001800041245009500059260002000154650001600174856004100190171212s9999 xx 000 0 und d a9781910634356 ceditor Stevenson, AliceaPetrie Museum of Egyptian ArchaeologybCharacters and Collections bUCL Pressc2015 aArchaeology uhttp://jstor.org/stable/j.ctt1g69z2n